[Event "41st Olympiad Women 2014"]
[Site "Tromso NOR"]
[Date "2014.08.02"]
[Round "1.14"]
[Board "1"]
[White "Lebel-Arias, Julia"]
[Black "Bojkovic, Natasa"]
[Result "1/2-1/2"]
[WhiteTitle "WIM"]
[BlackTitle "IM"]
[WhiteElo "1859"]
[BlackElo "2425"]
[WhiteTeam "Monaco"]
[BlackTeam "Serbia"]
[WhiteFideId "602019"]
[BlackFideId "908550"]
[EventDate "2014.08.02"]

1. d4 Nf6 2. Nf3 e6 3. Bg5 h6 4. Bxf6 Qxf6 5. e4 d6 6. Nc3 Qd8 7. Qd2 g6 8.
O-O-O Bg7 9. Kb1 a6 10. e5 Nd7 11. Qe3 d5 12. h4 Qe7 13. Nd2 c5 14. f4 h5 15.
Nf3 c4 16. Rg1 b5 17. g4 b4 18. Na4 hxg4 19. Rxg4 Bb7 20. b3 Bc6 21. Nb2 c3 22.
Nd3 a5 23. Nc1 a4 24. Bd3 Nf8 25. Qe2 Rh5 26. Ng5 Bh6 27. Bb5 Qd7 28. Bxc6 Qxc6
29. Qd3 Rc8 30. Ka1 Bxg5 31. fxg5 Nd7 32. Rf4 Rc7 33. Qf1 Nf8 34. Rd3 Rh7 35.
Rdf3 Ra7 36. Qd3 Rc7 37. Rf2 Ra7 38. Qe2 Rc7 39. Qd3 Ra7 40. Qe2 Rh5 41. Qd3 Rc7
42. Qe2 Ra7 43. Qd3 Rh7 44. Qe2 Qb6 45. Nd3 Qa5 46. Nc5 Nd7 47. Nxd7 Rxd7 48.
Qf1 Rc7 49. Qd3 axb3 50. cxb3 Qb6 51. Kb1 Qc6 52. Rc2 Kd8 53. Rg4 Kc8 54. Rf4
Kb7 55. Qf1 Kb6 56. Qd3 Rh8 57. Qf1 Qd7 58. Qd3 Ra8 59. a4 bxa3 60. Rxc3 a2+ 61.
Ka1 Rac8 62. Rxc7 Qxc7 63. Qd2 Qe7 64. Rf3 Qa3 65. Rc3 Rxc3 66. Qxc3 Kb5 67. Qb2
Kb4 68. Qc2 Qxb3 69. Qc5+ Ka4 70. Qa7+ Kb4 71. Qc5+ Ka4 72. Qa7+ Kb5 73. Qc5+
Ka6 74. Qc8+ Ka5 75. Qc5+ Qb5 76. Qa3+ Qa4 77. Qc5+ Qb5 78. Qa3+ Kb6 79. Qd6+
Qc6 80. Qb4+ Qb5 81. Qd6+ Ka5 82. Qa3+ Qa4 83. Qc5+ Qb5 84. Qa3+ 1/2-1/2

[Event "41st Olympiad Women 2014"]
[Site "Tromso NOR"]
[Date "2014.08.02"]
[Round "1.14"]
[Board "2"]
[White "Vojinovic, Jovana"]
[Black "Chung, Mathilde"]
[Result "1-0"]
[WhiteTitle "WGM"]
[BlackTitle "WCM"]
[WhiteElo "2312"]
[BlackElo "1981"]
[WhiteTeam "Serbia"]
[BlackTeam "Monaco"]
[WhiteFideId "937266"]
[BlackFideId "676446"]
[EventDate "2014.08.02"]

1. d4 d5 2. Bf4 Nf6 3. Nc3 c6 4. f3 Bf5 5. g4 Bg6 6. e3 e6 7. Bd3 Bb4 8. Ne2
Nbd7 9. h4 c5 10. a3 Bxd3 11. Qxd3 c4 12. Qd2 Ba5 13. Ng3 Nb6 14. g5 Nfd7 15. a4
Qe7 16. Kf2 Nb8 17. Nh5 f5 18. gxf6 gxf6 19. Rag1 Rf8 20. Rg7 Rf7 21. Rg8+ Rf8
22. Rhg1 Qf7 23. Bd6 N8d7 24. Ng7+ Kd8 25. Nxe6+ Qxe6 26. Bxf8 Nxf8 27. Rxf8+
Kd7 28. Rg7+ Kc6 29. Rxa8 Nxa8 30. e4 Nb6 31. Qf4 1-0

[Event "41st Olympiad Women 2014"]
[Site "Tromso NOR"]
[Date "2014.08.02"]
[Round "1.14"]
[Board "3"]
[White "Levacic, Melissa"]
[Black "Rakic, Marija"]
[Result "0-1"]
[BlackTitle "WIM"]
[WhiteElo "1994"]
[BlackElo "2323"]
[WhiteTeam "Monaco"]
[BlackTeam "Serbia"]
[WhiteFideId "633747"]
[BlackFideId "936286"]
[EventDate "2014.08.02"]

1. e4 c5 2. Nc3 e6 3. f4 d5 4. Nf3 dxe4 5. Nxe4 Be7 6. g3 Nf6 7. Nf2 b6 8. Bg2
Bb7 9. O-O O-O 10. d3 Qc7 11. Ne5 Bxg2 12. Kxg2 Nbd7 13. Qe2 Nxe5 14. fxe5 Nd7
15. Re1 Rad8 16. Bf4 Nb8 17. Ne4 Qd7 18. Qg4 Kh8 19. Qh5 Nc6 20. Rad1 Qd5 21. c4
Qd7 22. a3 Nd4 23. Be3 Nc6 24. Bg5 Bxg5 25. Nxg5 h6 26. Rd2 Kg8 27. Ne4 Qc7 28.
Nf2 Rd4 29. Ng4 Ne7 30. Rf1 Nf5 31. Rf4 Qc6+ 32. Kg1 Qd7 33. Nf2 Rxf4 34. gxf4
Qd4 35. Qf3 Nh4 36. Qg4 Ng6 37. Re2 h5 38. Qf3 Qxf4 39. Qxh5 Qc1+ 40. Kg2 Nf4+ 0-1

[Event "41st Olympiad Women 2014"]
[Site "Tromso NOR"]
[Date "2014.08.02"]
[Round "1.14"]
[Board "4"]
[White "Velikic, Adela"]
[Black "Lomandong, Noela-Joyce"]
[Result "1-0"]
[WhiteElo "2145"]
[BlackElo "1616"]
[WhiteTeam "Serbia"]
[BlackTeam "Monaco"]
[WhiteFideId "913553"]
[BlackFideId "5400384"]
[EventDate "2014.08.02"]

1. e4 e5 2. Nf3 Nc6 3. Bc4 Be7 4. d4 d6 5. d5 Nb8 6. Nc3 Nf6 7. h3 Nbd7 8. Be3
c6 9. a4 Qa5 10. O-O O-O 11. Qd2 Nc5 12. Rfd1 Bd7 13. Bg5 Rfd8 14. Qe2 Rab8 15.
Bd2 Qc7 16. b4 Na6 17. dxc6 Be6 18. Nd5 Bxd5 19. exd5 Rdc8 20. cxb7 Qxc4 21.
bxc8=Q+ Rxc8 22. Qxc4 Rxc4 23. b5 Nc5 24. Be3 Nfe4 25. Nd2 Nxd2 26. Rxd2 f5 27.
Bxc5 Rxc5 28. Kf1 Bd8 29. Ra2 Kf7 30. Ke2 e4 31. Rd4 Bf6 32. Rb4 Bc3 33. b6 axb6
34. Rxb6 Rxd5 35. g3 Ke6 36. Rb3 Rd2+ 37. Ke3 Ba5 38. Rb5 Bc3 39. Rb3 Ba5 40.
Rab2 d5 41. Rb6+ Ke5 42. R6b5 Bc3 43. Rc5 Rd1 44. Rxc3 d4+ 45. Ke2 dxc3 46. Rb5+
Rd5 47. Rxd5+ Kxd5 48. Ke3 Kc5 49. a5 Kb5 50. Kd4 Kxa5 51. Kxc3 Kb5 52. Kd4 h5
53. h4 g6 54. Ke5 Kc4 55. Kf6 Kc3 56. Kxg6 Kxc2 57. Kxf5 Kd3 58. Kf4 Kd4 59. g4
hxg4 60. h5 g3 61. Kxg3 Ke5 62. Kg4 Kf6 63. Kf4 Kg7 64. Kxe4 Kh6 65. Kf5 Kxh5
66. f4 Kh6 67. Kf6 1-0

[Event "41st Olympiad Women 2014"]
[Site "Tromso NOR"]
[Date "2014.08.02"]
[Round "1.15"]
[Board "1"]
[White "Peng, Zhaoqin"]
[Black "Nasriddinzoda, Marvorii"]
[Result "1-0"]
[WhiteTitle "GM"]
[WhiteElo "2391"]
[BlackElo "2021"]
[WhiteTeam "Netherlands"]
[BlackTeam "Tajikistan"]
[WhiteFideId "1004786"]
[BlackFideId "14700395"]
[EventDate "2014.08.02"]

1. d4 Nf6 2. c4 e6 3. Nc3 Bb4 4. e3 b6 5. Ne2 Bb7 6. a3 Be7 7. d5 e5 8. g3 d6 9.
Bg2 Nbd7 10. O-O O-O 11. h3 Ne8 12. b4 g6 13. Rb1 Ng7 14. e4 a5 15. Nb5 axb4 16.
axb4 f5 17. exf5 gxf5 18. Bh6 Ba6 19. Nec3 Bf6 20. Qc2 Rf7 21. Ra1 e4 22. Rfd1
Ne5 23. Qb3 Kh8 24. Ra2 Bxb5 25. Nxb5 Rxa2 26. Qxa2 Qg8 27. Qe2 Qa8 28. Kh2 Nd3
29. f3 Be5 30. f4 Bf6 31. Rxd3 exd3 32. Qxd3 Qa1 33. h4 Qe1 34. Bg5 Bxg5 35.
hxg5 Re7 36. Qf1 Qxb4 37. Nd4 Re1 38. Qf2 Re8 39. Qc2 Qe1 40. Bf3 Re3 41. Kg2
Ra3 42. Qe2 Qa1 43. Nc2 Qb2 44. Nxa3 Qxa3 45. Qe7 Kg8 46. Qd8+ Kf7 47. Qxc7+ Kf8
48. Qxb6 Qc5 49. Qxc5 dxc5 50. g4 fxg4 51. Bxg4 Ne8 52. Be2 1-0

[Event "41st Olympiad Women 2014"]
[Site "Tromso NOR"]
[Date "2014.08.02"]
[Round "1.15"]
[Board "2"]
[White "Antonova, Nadezhda"]
[Black "Haast, Anne"]
[Result "1/2-1/2"]
[WhiteTitle "WFM"]
[BlackTitle "WIM"]
[WhiteElo "2004"]
[BlackElo "2324"]
[WhiteTeam "Tajikistan"]
[BlackTeam "Netherlands"]
[WhiteFideId "14700182"]
[BlackFideId "1017292"]
[EventDate "2014.08.02"]

1. Nf3 d5 2. g3 g6 3. Bg2 Bg7 4. O-O c5 5. d3 e6 6. e4 Ne7 7. Nbd2 Nbc6 8. Re1
O-O 9. Qe2 b6 10. h4 h6 11. Nf1 Bb7 12. N1h2 Kh7 13. c3 Qd7 14. e5 d4 15. c4
Rae8 16. Bf4 Qc8 17. Nd2 Qa8 18. Nhf3 Nb4 19. Rec1 f6 20. exf6 Bxf6 21. a3 e5
22. axb4 exf4 23. Ne4 Nf5 24. g4 Nxh4 25. Nxh4 Bxh4 26. bxc5 bxc5 27. Bf3 a5 28.
Qd2 Bd8 29. Re1 Kg7 30. Qc2 Bc6 31. Reb1 Qb8 32. Re1 Bc7 33. Re2 Qb4 34. Rae1
Bd8 35. Ra1 a4 36. Ree1 Ba5 37. Re2 Qb8 38. Qd1 Bb4 39. Qf1 Qc7 40. Qh3 Re5 41.
Qg2 Ba5 42. Qf1 Rfe8 43. Qd1 Bb4 44. Qc1 Rf8 45. Qf1 Qe7 46. Qh3 Rb8 47. Kg2 Rh8
48. Qh2 Qf8 49. Rh1 h5 50. Qh4 hxg4 51. Qxg4 Rxh1 52. Kxh1 Qf5 53. Kg2 Qxg4+ 54.
Bxg4 Bxe4+ 55. Rxe4 Rxe4 56. dxe4 Kf6 57. Bd1 a3 58. bxa3 Bxa3 59. Bc2 Ke5 60.
Bd3 Bb4 61. f3 Ba5 62. Kh3 Bd8 63. Kg4 1/2-1/2

[Event "41st Olympiad Women 2014"]
[Site "Tromso NOR"]
[Date "2014.08.02"]
[Round "1.15"]
[Board "3"]
[White "Schut, Lisa"]
[Black "Ilhom, Mootribai"]
[Result "1-0"]
[WhiteTitle "WIM"]
[WhiteElo "2317"]
[BlackElo "1698"]
[WhiteTeam "Netherlands"]
[BlackTeam "Tajikistan"]
[WhiteFideId "1019481"]
[BlackFideId "14700204"]
[EventDate "2014.08.02"]

1. e4 c5 2. Nf3 d6 3. d4 cxd4 4. Nxd4 Nf6 5. f3 e5 6. Nb3 d5 7. Bg5 d4 8. c3
dxc3 9. Qxd8+ Kxd8 10. Nxc3 Be6 11. O-O-O+ Kc8 12. Kb1 Nc6 13. Nd5 Nd7 14. Bb5
a6 15. Bxc6 bxc6 16. Rc1 c5 17. Rhd1 Kb7 18. Na5+ Kc8 19. Ka1 Rb8 20. Be3 Rb5
21. Nc4 h5 22. Rd3 Bxd5 23. Rxd5 f6 24. Rcd1 Rb7 25. Rxd7 Rxd7 26. Nb6+ 1-0

[Event "41st Olympiad Women 2014"]
[Site "Tromso NOR"]
[Date "2014.08.02"]
[Round "1.15"]
[Board "4"]
[White "Odinaeva, Saodat"]
[Black "Muhren, Bianca"]
[Result "0-1"]
[BlackTitle "WGM"]
[WhiteElo "1785"]
[BlackElo "2314"]
[WhiteTeam "Tajikistan"]
[BlackTeam "Netherlands"]
[WhiteFideId "14700255"]
[BlackFideId "1008498"]
[EventDate "2014.08.02"]

1. Nf3 d5 2. d4 Nf6 3. e3 c5 4. c4 dxc4 5. Bxc4 e6 6. Nc3 a6 7. a4 Nc6 8. O-O
Be7 9. b3 O-O 10. Bb2 Qc7 11. Qc2 b6 12. Rad1 Bb7 13. Rfe1 Rad8 14. Qe2 Nb4 15.
Ne5 Bd6 16. f4 cxd4 17. exd4 Nbd5 18. Nxd5 Nxd5 19. Qg4 Bb4 20. Re2 Bc3 21. Ba3
Nf6 22. Qg3 Bxd4+ 23. Rxd4 Rxd4 24. Bxf8 Kxf8 25. Re1 Rd2 26. Bf1 Qc5+ 27. Qe3
Qxe3+ 28. Rxe3 Nd5 29. Rd3 Rc2 30. g3 Ke7 31. Nc4 a5 32. h3 Ba6 33. Rf3 Rc1 34.
Kg2 Bb7 35. Kg1 f6 36. Nd2 Nb4 37. Re3 Bd5 38. Kf2 Rc2 39. Ke2 Na2 40. Kd1 Rc1+
41. Ke2 Nc3+ 42. Kd3 Nb1 43. Be2 Rc3+ 44. Kd4 Rxe3 45. Kxe3 Nxd2 46. Kxd2 Bxb3
47. Bb5 Kd6 48. Kc3 Bd1 49. Kd4 h6 50. h4 e5+ 51. Ke4 Bc2+ 52. Ke3 Kc5 53. Kd2
Be4 54. Ke3 Bc6 55. Bxc6 Kxc6 56. Ke4 b5 57. axb5+ Kxb5 58. fxe5 fxe5 59. Kxe5
a4 60. Kf5 a3 61. Kg6 a2 62. Kxg7 a1=Q+ 63. Kxh6 Kc6 64. g4 Qf6+ 65. Kh5 Kd7 66.
g5 Qf4 67. Kg6 Qxh4 68. Kf6 Ke8 69. Kf5 Kf7 0-1

[Event "41st Olympiad Women 2014"]
[Site "Tromso NOR"]
[Date "2014.08.02"]
[Round "1.16"]
[Board "1"]
[White "Coimbra, Margarida"]
[Black "Nakhbayeva, Guliskhan"]
[Result "1-0"]
[WhiteTitle "WFM"]
[BlackTitle "WGM"]
[WhiteElo "2071"]
[BlackElo "2336"]
[WhiteTeam "Portugal"]
[BlackTeam "Kazakhstan"]
[WhiteFideId "1901192"]
[BlackFideId "13704788"]
[EventDate "2014.08.02"]

1. e4 e6 2. d4 d5 3. Nd2 a6 4. Ngf3 Nf6 5. Bd3 c5 6. c3 cxd4 7. cxd4 dxe4 8.
Nxe4 Be7 9. O-O O-O 10. Nxf6+ Bxf6 11. Be3 Nc6 12. Be4 Nb4 13. Qb3 Nd5 14. Rac1
Qd6 15. Rc5 Rd8 16. Rfc1 Rb8 17. Bxd5 exd5 18. Rc7 h6 19. R1c6 Qf8 20. Rxa6 Bd7
21. Rb6 Bc6 22. Bf4 Ra8 23. Ne5 Bxe5 24. Bxe5 Re8 25. h3 f6 26. Bf4 Re4 27. Be3
Qd8 28. Rbxb7 Bxb7 29. Qxb7 Kh8 30. Rxg7 Qf8 31. Rh7+ Kg8 32. Rxh6 Re7 33. Qxd5+
Kg7 34. Qf5 Kg8 35. Rxf6 Qd8 36. Rg6+ Rg7 37. Qe6+ Kh8 38. Rh6+ Rh7 39. Qe5+ Kg8
40. Rg6+ Kf8 41. Qe6 1-0

[Event "41st Olympiad Women 2014"]
[Site "Tromso NOR"]
[Date "2014.08.02"]
[Round "1.16"]
[Board "2"]
[White "Saduakassova, Dinara"]
[Black "Oliveira, Maria Ines"]
[Result "1/2-1/2"]
[WhiteTitle "WGM"]
[BlackTitle "WCM"]
[WhiteElo "2375"]
[BlackElo "1890"]
[WhiteTeam "Kazakhstan"]
[BlackTeam "Portugal"]
[WhiteFideId "13700090"]
[BlackFideId "1909436"]
[EventDate "2014.08.02"]

1. Nf3 Nf6 2. c4 e6 3. Nc3 d5 4. d4 Be7 5. Bf4 c6 6. e3 Nbd7 7. Bd3 b6 8. O-O
Bb7 9. cxd5 Nxd5 10. Bg3 O-O 11. Rc1 c5 12. e4 Nxc3 13. bxc3 Nf6 14. Qe2 Rc8 15.
Bb1 Qe8 16. e5 Nh5 17. Nd2 Nxg3 18. hxg3 cxd4 19. cxd4 Qa4 20. Nb3 Ba3 21. Rcd1
Rc3 22. Qd2 Bb4 23. Qf4 Bd5 24. Nc1 Rfc8 25. Rd3 R3c7 26. Rdd1 Rc3 27. Ne2 R3c7
28. Nc1 Rc3 29. Ne2 R3c7 30. Nc1 Rc3 1/2-1/2

[Event "41st Olympiad Women 2014"]
[Site "Tromso NOR"]
[Date "2014.08.02"]
[Round "1.16"]
[Board "3"]
[White "Monteiro, Sara Cristina da Silva"]
[Black "Abdumalik, Zhansaya"]
[Result "0-1"]
[WhiteTitle "WCM"]
[BlackTitle "WGM"]
[WhiteElo "1781"]
[BlackElo "2333"]
[WhiteTeam "Portugal"]
[BlackTeam "Kazakhstan"]
[WhiteFideId "1909860"]
[BlackFideId "13703544"]
[EventDate "2014.08.02"]

1. d4 Nf6 2. c4 g6 3. Nc3 d5 4. Nf3 Bg7 5. e3 O-O 6. Be2 c5 7. O-O cxd4 8. Nxd4
dxc4 9. Bxc4 a6 10. a4 Qc7 11. Qb3 e5 12. Nde2 Nbd7 13. e4 Nb6 14. Bd3 Be6 15.
Qc2 Rac8 16. b3 Rfd8 17. Bg5 Bxb3 18. Qxb3 Rxd3 19. Bxf6 Bxf6 20. Rac1 Bg5 21.
Rb1 Bd8 22. Rfd1 Rxd1+ 23. Rxd1 Nc4 24. Nd5 Qc6 25. f3 Bg5 26. g3 b5 27. axb5
axb5 28. h4 Bd8 29. Kh2 Qc5 30. Kh3 Kg7 31. Nec3 Rb8 32. Na4 Qc8+ 33. g4 bxa4
34. Qxa4 Nb2 35. Qa1 Nxd1 36. Qxd1 Rb2 37. Qa1 Qc2 38. Qg1 Qe2 39. Qh1 Rb3 40.
Kg3 Ba5 0-1

[Event "41st Olympiad Women 2014"]
[Site "Tromso NOR"]
[Date "2014.08.02"]
[Round "1.16"]
[Board "4"]
[White "Dauletova, Gulmira"]
[Black "Jorge, Rita Maria Osorio"]
[Result "1-0"]
[WhiteTitle "WIM"]
[WhiteElo "2252"]
[BlackElo "1693"]
[WhiteTeam "Kazakhstan"]
[BlackTeam "Portugal"]
[WhiteFideId "13702971"]
[BlackFideId "1923161"]
[EventDate "2014.08.02"]

1. e4 c5 2. Nf3 g6 3. d4 cxd4 4. Nxd4 Bg7 5. c4 Nc6 6. Be3 d6 7. Be2 Nf6 8. Nc3
Nxd4 9. Bxd4 O-O 10. O-O Bd7 11. Qd2 Bc6 12. f3 a5 13. b3 Nd7 14. Be3 Nc5 15.
Rab1 Qd7 16. Rfd1 Rfd8 17. a3 Qc7 18. Rdc1 a4 19. bxa4 Qa5 20. Bd1 Bxa4 21. Nxa4
Qxd2 22. Bxd2 Bd4+ 23. Kf1 Nxa4 24. Bxa4 Rxa4 25. Rxb7 Kf8 26. Rb3 Bc5 27. Bb4
Rb8 28. Rcb1 Bd4 29. Ke2 Ke8 30. Kd3 Bf2 31. f4 Kd7 32. R3b2 Bc5 33. e5 Ke6 34.
Ke4 f6 35. exf6 exf6 36. Bxc5 Rxb2 37. Rxb2 dxc5 38. Rb6+ Ke7 39. Kd5 Rxa3 40.
Rb7+ Kf8 41. Rxh7 Ra2 42. g3 Kg8 43. Rb7 Rxh2 44. Kxc5 Kf8 45. Kd6 Rc2 46. c5
Ke8 47. c6 Rd2+ 48. Ke6 Kd8 49. Rd7+ 1-0

[Event "41st Olympiad Women 2014"]
[Site "Tromso NOR"]
[Date "2014.08.02"]
[Round "1.18"]
[Board "1"]
[White "Gamboa Alvarado, Olga Leticia"]
[Black "Ordaz Valdes, Lisandra Teresa"]
[Result "0-1"]
[WhiteTitle "WFM"]
[BlackTitle "WGM"]
[WhiteElo "1899"]
[BlackElo "2345"]
[WhiteTeam "Costa Rica"]
[BlackTeam "Cuba"]
[WhiteFideId "6502270"]
[BlackFideId "3506940"]
[EventDate "2014.08.02"]

1. d4 Nf6 2. c4 e6 3. Nc3 Bb4 4. Nf3 c5 5. Bd2 cxd4 6. Nxd4 O-O 7. g3 Qb6 8. Nf3
d5 9. cxd5 exd5 10. Bg2 d4 11. Na4 Qb5 12. O-O Bxd2 13. Nxd2 Bd7 14. b3 Nc6 15.
Rc1 Bg4 16. Nf3 Rad8 17. Rc5 Qa6 18. Rc1 d3 19. exd3 Rxd3 20. Nc5 Rxd1 21. Nxa6
Rxc1 22. Rxc1 Bxf3 23. Bxf3 Nd4 0-1

[Event "41st Olympiad Women 2014"]
[Site "Tromso NOR"]
[Date "2014.08.02"]
[Round "1.18"]
[Board "2"]
[White "Marrero Lopez, Yaniet"]
[Black "Rodriguez Arrieta, Maria Elena"]
[Result "1-0"]
[WhiteTitle "WGM"]
[BlackTitle "WFM"]
[WhiteElo "2324"]
[BlackElo "1920"]
[WhiteTeam "Cuba"]
[BlackTeam "Costa Rica"]
[WhiteFideId "3503950"]
[BlackFideId "6502911"]
[EventDate "2014.08.02"]

1. e4 e5 2. Nf3 Nc6 3. Bb5 a6 4. Ba4 Nf6 5. O-O Be7 6. d3 b5 7. Bb3 d6 8. a3 O-O
9. Nc3 Bg4 10. Be3 Na5 11. Ba2 c5 12. Nd5 Nc6 13. c3 Nxd5 14. Bxd5 Qc7 15. b4
Rac8 16. h3 Bd7 17. Qb3 Nd8 18. Rac1 c4 19. dxc4 bxc4 20. Qc2 Be6 21. Rfd1 Nc6
22. Qe2 Bxd5 23. Rxd5 Nb8 24. Rcd1 Nd7 25. Bc5 Nf6 26. Bxd6 Bxd6 27. Rxd6 Qb7
28. Nd2 Qb5 29. Nf1 Qa4 30. Ng3 Rc6 31. Nf5 Rxd6 32. Rxd6 Qxa3 33. Qe3 Ne8 34.
Rd8 Qa4 35. Qc5 Qb5 36. Ne7+ Kh8 37. Ng6+ 1-0

[Event "41st Olympiad Women 2014"]
[Site "Tromso NOR"]
[Date "2014.08.02"]
[Round "1.18"]
[Board "3"]
[White "Acevedo Mendez, Lisseth"]
[Black "Pina Vega, Sulennis"]
[Result "0-1"]
[BlackTitle "WGM"]
[WhiteElo "1846"]
[BlackElo "2270"]
[WhiteTeam "Costa Rica"]
[BlackTeam "Cuba"]
[WhiteFideId "6502938"]
[BlackFideId "3503151"]
[EventDate "2014.08.02"]

1. e4 c5 2. Nf3 Nc6 3. Bb5 d6 4. O-O Bd7 5. c3 Nf6 6. Re1 a6 7. Bf1 Bg4 8. h3
Bxf3 9. Qxf3 g6 10. d3 Bg7 11. Be3 Nd7 12. Nd2 O-O 13. Qg3 b5 14. Rac1 b4 15.
Nc4 bxc3 16. bxc3 Nb6 17. Nxb6 Qxb6 18. f4 Qa5 19. Bd2 Qxa2 20. Qe3 Nd4 21. Ra1
Qe6 22. Rac1 a5 23. Kh2 Nb3 24. Rc2 a4 25. Ra2 Nxd2 26. Qxd2 Bxc3 27. Qxc3 Qxa2
28. d4 Qb3 29. Qa1 a3 30. dxc5 dxc5 31. Rc1 Qb2 32. Bc4 Qxa1 33. Rxa1 Rfb8 34.
Kg3 Ra4 35. Bd5 e6 36. Bc6 Ra6 37. Bd7 Ra7 38. Bc6 Rb6 39. Be8 Kf8 40. Bd7 a2 0-1

[Event "41st Olympiad Women 2014"]
[Site "Tromso NOR"]
[Date "2014.08.02"]
[Round "1.18"]
[Board "4"]
[White "Vigoa Apecheche, Yanira"]
[Black "Ramirez Gonzalez, Maria Jose"]
[Result "1-0"]
[WhiteTitle "WGM"]
[WhiteElo "2317"]
[BlackElo "1764"]
[WhiteTeam "Cuba"]
[BlackTeam "Costa Rica"]
[WhiteFideId "3507041"]
[BlackFideId "6503349"]
[EventDate "2014.08.02"]

1. d4 c5 2. e3 Nf6 3. Nf3 g6 4. Nbd2 Bg7 5. c3 b6 6. e4 cxd4 7. cxd4 Bb7 8. Bd3
O-O 9. O-O d6 10. Rb1 Nbd7 11. b3 Qc7 12. Bb2 Rac8 13. Re1 Rfe8 14. Qe2 e5 15.
d5 Nc5 16. Bb5 Red8 17. b4 Ncd7 18. Rbc1 Qb8 19. h3 Rxc1 20. Bxc1 Rc8 21. Nf1
Qc7 22. Bd2 Qc2 23. a4 Ra8 24. Rc1 Qb2 25. Rc7 Bc8 26. Qc4 Nxe4 27. Qxe4 Nf6 28.
Qc4 Bf5 29. g4 Be4 30. Rc8+ Rxc8 31. Qxc8+ Bf8 32. Bh6 1-0

[Event "41st Olympiad Women 2014"]
[Site "Tromso NOR"]
[Date "2014.08.02"]
[Round "1.19"]
[Board "1"]
[White "Nguyen, Thi Mai Hung"]
[Black "Colombo, Camila"]
[Result "0-1"]
[WhiteTitle "WIM"]
[BlackTitle "WIM"]
[WhiteElo "2307"]
[BlackElo "2107"]
[WhiteTeam "Vietnam"]
[BlackTeam "Uruguay"]
[WhiteFideId "12401676"]
[BlackFideId "3001822"]
[EventDate "2014.08.02"]

1. d4 Nf6 2. Bf4 g6 3. e3 Bg7 4. Nf3 d6 5. Be2 c5 6. c3 Nbd7 7. h3 O-O 8. O-O
Re8 9. Bh2 b6 10. a4 Bb7 11. Nbd2 Ne4 12. Qb3 Nxd2 13. Nxd2 e5 14. Nc4 Qe7 15.
Rfd1 d5 16. Nxe5 Nxe5 17. dxe5 Bxe5 18. Bxe5 Qxe5 19. Bf3 Rad8 20. a5 Re6 21.
Rd2 Red6 22. Rad1 Kg7 23. Qa3 Bc6 24. Qa2 Qe6 25. b4 R6d7 26. bxc5 bxc5 27. Qa3
c4 28. Qc5 Ba4 29. Rb1 Bb3 30. Rbb2 h5 31. Rd4 Ba4 32. Rbd2 Bc6 33. g4 hxg4 34.
hxg4 g5 35. Rb2 Rh8 36. Bg2 Ba8 37. f3 Qxe3+ 38. Rf2 Rb7 39. Rxd5 Rb1+ 40. Bf1
Rxf1+ 41. Kxf1 Qc1+ 42. Ke2 Bxd5 43. Qd4+ f6 44. Qxa7+ Bf7 45. f4 Re8+ 46. Kf3
Qxf4+ 47. Kg2 Qxg4+ 48. Kf1 Qd1+ 49. Kg2 Qg4+ 50. Kf1 Qh3+ 51. Rg2 Qd3+ 52. Kg1
Re1+ 53. Kh2 Qh7+ 0-1

[Event "41st Olympiad Women 2014"]
[Site "Tromso NOR"]
[Date "2014.08.02"]
[Round "1.19"]
[Board "2"]
[White "de Leon, Patricia"]
[Black "Hoang, Thi Nhu Y"]
[Result "0-1"]
[WhiteTitle "WFM"]
[BlackTitle "WIM"]
[WhiteElo "1921"]
[BlackElo "2269"]
[WhiteTeam "Uruguay"]
[BlackTeam "Vietnam"]
[WhiteFideId "3000273"]
[BlackFideId "12401455"]
[EventDate "2014.08.02"]

1. d4 Nf6 2. c4 e6 3. Nf3 b6 4. g3 Bb7 5. Bg2 Be7 6. Nc3 Ne4 7. Qc2 Nxc3 8. bxc3
f5 9. O-O Be4 10. Qa4 O-O 11. Ne5 Bxg2 12. Kxg2 Bf6 13. Nd3 Qc8 14. Ba3 Re8 15.
e3 Qb7+ 16. Kg1 Qc6 17. Qb3 Qe4 18. Rad1 Nc6 19. Bc1 Na5 20. Qa4 d6 21. Bb2 Rad8
22. Nc1 h5 23. Rde1 Qf3 24. Nb3 Nxb3 25. Qxb3 h4 26. Qd1 Qb7 27. f3 Qa6 28. Qb3
d5 29. cxd5 exd5 30. e4 hxg3 31. hxg3 fxe4 32. fxe4 Qd3 33. c4 Bxd4+ 34. Bxd4
Qxd4+ 35. Qe3 Qxe3+ 36. Rxe3 Rxe4 37. Ra3 Rxc4 38. Rxa7 Rc3 39. Kg2 Rc2+ 40. Kh3
d4 41. Rd1 d3 42. Kg4 d2 43. Kf3 Rd3+ 44. Kf2 c5 45. a4 c4 46. a5 bxa5 47. Rxa5
Rc1 48. Ke2 Rxd1 49. Kxd1 c3 50. Ra1 Re3 51. Kc2 Re1 52. Ra8+ Kh7 53. Rd8 Rc1+ 0-1

[Event "41st Olympiad Women 2014"]
[Site "Tromso NOR"]
[Date "2014.08.02"]
[Round "1.19"]
[Board "3"]
[White "Hoang, Thi Bao Tram"]
[Black "Larrea, Daniela"]
[Result "1-0"]
[WhiteTitle "WGM"]
[WhiteElo "2329"]
[BlackElo "1709"]
[WhiteTeam "Vietnam"]
[BlackTeam "Uruguay"]
[WhiteFideId "12401102"]
[BlackFideId "3003000"]
[EventDate "2014.08.02"]

1. d4 Nf6 2. Nf3 g6 3. Bf4 Bg7 4. Nbd2 d6 5. e4 O-O 6. Be2 Bg4 7. c3 Nfd7 8. Qb3
Be6 9. Qc2 Bg4 10. O-O e5 11. Be3 Nc6 12. h3 Bxf3 13. Nxf3 h6 14. Rad1 Qc8 15.
Bb5 Re8 16. Rfe1 a6 17. Bxc6 bxc6 18. dxe5 Nxe5 19. Nxe5 Rxe5 20. Bd4 Rg5 21. f4
Rb5 22. Bxg7 Kxg7 23. c4 Rb6 24. f5 Rab8 25. Qc3+ Kh7 26. fxg6+ fxg6 27. e5 Qh8
28. exd6 Qxc3 29. bxc3 cxd6 30. Re7+ Kg8 31. Rxd6 Rb1+ 32. Kh2 R1b7 33. Rxg6+
Kf8 34. Rxb7 Rxb7 35. Rxc6 a5 36. a4 Rb3 37. Ra6 Rxc3 38. Rxa5 Rxc4 39. Ra7 h5
40. Kg3 h4+ 41. Kf3 Rb4 42. a5 Ra4 43. a6 Ke8 44. Ke3 Kd8 45. Kf3 Kc8 46. Rh7
Rxa6 47. Rxh4 Ra5 48. Rd4 1-0

[Event "41st Olympiad Women 2014"]
[Site "Tromso NOR"]
[Date "2014.08.02"]
[Round "1.19"]
[Board "4"]
[White "de San Vicente, Sabrina"]
[Black "Luong, Phuong Hanh"]
[Result "0-1"]
[WhiteElo "1687"]
[BlackElo "2171"]
[WhiteTeam "Uruguay"]
[BlackTeam "Vietnam"]
[WhiteFideId "3003973"]
[BlackFideId "12401013"]
[EventDate "2014.08.02"]

1. d4 Nf6 2. c4 c5 3. d5 b5 4. cxb5 a6 5. b6 d6 6. Nc3 Nbd7 7. e4 g6 8. Nf3 Bg7
9. a4 Qxb6 10. a5 Qc7 11. Be2 O-O 12. Nd2 Ne8 13. O-O Qb7 14. Nc4 Nc7 15. Na4
Nb5 16. Nab6 Rb8 17. Rb1 Qc7 18. Bg5 Re8 19. Nxd7 Bxd7 20. Nb6 Qa7 21. Qd2 Nd4
22. Bc4 Bb5 23. Rfe1 Bxc4 24. Nxc4 Rb4 25. Nb6 Nb3 26. Qc2 Nxa5 27. Na4 Reb8 28.
Bd2 Rc4 29. Bc3 Nb3 30. Re3 Qd7 31. Nxc5 Nxc5 32. b3 Rxc3 33. Rxc3 Bxc3 34. Qxc3
Nxe4 35. Qa5 Qa7 36. Qe1 Qd4 37. Rd1 Qb4 38. Qe2 Nc3 0-1